000 00545nam a2200193Ia 4500
008 220216s9999 xx 000 0 und d
100 _aGaliba G
245 0 _aRFLP mapping of the vernalization (Vrn1) and frost resistance (Fr1) genes on chromosome 5A of wheat
260 _bTheoretical and Applied Genetics
_c1995
300 _a1174-1179
650 _aRFLP mapping
650 _aVernalization response
650 _aWheat
700 _aMorgounov A
700 _aQuarrie S A
700 _aSnape J W
700 _aSutka J
942 _cJS
999 _c67020
_d67020